000 00643nam a2200277Ia 4500
005 20260324131339.0
008 008 260324s9999 xx 000 0 eng d
020 _a9781410615381
037 _aEBOOK
040 _aCRL
040 _beng
040 _cCRL
041 _2eng
041 _aeng
084 _qCRL
100 _aSteven A. Stahl; William E. Nagy
_91185170
245 0 _aTeaching Word Meanings
260 _bTaylor and Francis
260 _c2006
365 _a
365 _b230
856 _uhttp://www.taylorfrancis.com/books/9781410615381
942 _cEBOOK
999 _c1782226
_d1782226